00460 2200169 4500001002100000008004100021035002000062245005000082100001900132260003600151300002100187020002200208084001600230082001000246650002000256990001400276INLIS000000000000208 ind  a0010-0525000189 aAl Fatih 1453bBattle of VarnacHandri Satria aSatria, Handri aJakarta :bAlfatih Press,c2015 a273 hlm.c21 cm. a978-602-17997-9-6 a741.5 SAT a a741.5 aKomik - Sejarah a000000219